LEADER 02056nam 2200433 450 001 000017240 005 20071001120020.0 010 $a3-7752-5752-7 011 $a0080-6951 100 $a20071001d2003----km-y0itaa50------ba 101 0 $ager 102 $aDE 200 1 $aTransalpine kommunikation im Mittelalter$ediplomatische, kulturelle und politische Wechselwirkungen zwischen Italien ind dem nordalpinen Reich (9.-11. jahrhundert)$fWolfang Huschner 210 $aHannover$cHahnsche Buchhandlung$d2003 215 $a3 v. ([LXVIII], 1050 p. compless.), [66] c. di tav.$cill.$d24 cm 225 2 $aMonumenta Germaniae Historica. Schriften$v52 410 1$12001$aMonumenta Germaniae Historica. Schriften$v52 606 1 $aSacro Romano Impero$zSec. 9.-13. 676 $a943.02$v(21. ed.)$9Storia dell'Europa centrale, Germania. Primo periodo del Sacro Romano Impero, 843-1519 700 1$aHuschner,$bWolfgang$0442316 801 0$aIT$bUniversità della Basilicata - B.I.A.$gRICA$2unimarc 912 $a000017240 996 $aTransalpine kommunikation im Mittelalter$984995 997 $aUNIBAS BAS $aLETTERE CAT $aDILEO$b21$c20040212$lBAS01$h1052 CAT $c20050601$lBAS01$h1756 CAT $abatch$b01$c20050718$lBAS01$h1053 CAT $c20050718$lBAS01$h1112 CAT $c20050718$lBAS01$h1142 CAT $c20050718$lBAS01$h1156 CAT $aMDL$b00$c20070620$lBAS01$h1533 CAT $aMDL$b30$c20071001$lBAS01$h1200 CAT $aATR$b40$c20080620$lBAS01$h0936 CAT $aATR$b40$c20080620$lBAS01$h1017 FMT Z30 -1$lBAS01$LBAS01$mBOOK$1BASA1$APolo Storico-Umanistico$2GEN$BCollezione generale$3FM/105475$6105475$5L105475$820071001$f02$FPrestabile Generale$hVol. 1 Z30 -1$lBAS01$LBAS01$mBOOK$1BASA1$APolo Storico-Umanistico$2GEN$BCollezione generale$3FM/105476$6105476$5L105476$820071001$f02$FPrestabile Generale$hVol. 2 Z30 -1$lBAS01$LBAS01$mBOOK$1BASA1$APolo Storico-Umanistico$2GEN$BCollezione generale$3FM/105477$6105477$5L105477$820071001$f02$FPrestabile Generale$hVol. 3